00568nam a2200169 a 450000100060000000300090000600800410001504000280005608200180008410000190010224500340012126000570015530000100021249000780022265000400030065000580034012741CO-ViMGA141112s2004 ck r 000 u spa d aCO-ViMGAbspacCO-ViMGA04aCo868.42 Z1411 aZalamea, Jorge10aLiteratura, Política y Arte aBogotá : bInstituto Colombiano de Cultura, c1978 a870p. aSubdirección de comunicaciones culturales, Biblioteca Basica Colombiana14aLITERATURA COLOMBIANA - COLECCIONES14aZALAMEA JORGE - 1905 - 1969 - COLECCIONES DE ESCRITOS